-
Hill, Charls W.L., Jain, Arun K
Entry Personal Name
Number of records used in: 1
001 - CONTROL NUMBER
003 - CONTROL NUMBER IDENTIFIER
005 - DATE AND TIME OF LATEST TRANSACTION
- control field:
20180326123214.0
008 - FIXED-LENGTH DATA ELEMENTS
- fixed length control field:
180326|| aca||aabn | a|a d
040 ## - CATALOGING SOURCE
- Original cataloging agency:
OSt
- Transcribing agency:
OSt
100 ## - HEADING--PERSONAL NAME
- Personal name:
Hill, Charls W.L., Jain, Arun K
670 ## - SOURCE DATA FOUND
- Source citation:
Work cat.: (OSt)2418: Hill, Charls W.L., Jain, Arun K, International Business Competing the Global Marketplace